Paisajes del cuerpo /
Bewaard in:
| Hoofdauteur: | |
|---|---|
| Formaat: | Texto |
| Tags: |
Voeg label toe
Geen labels, Wees de eerste die dit record labelt!
|
MARC
| LEADER | 00000 a a2200000 04500 | ||
|---|---|---|---|
| 001 | 45849 | ||
| 003 | |||
| 040 | |||
| 100 | |a Durán, María Angeles | ||
| 245 | |a Paisajes del cuerpo / |c María Angeles Durán | ||
| 773 | |g páginas 27-61 | ||
| 999 | |c 38660 |d 38660 | ||
